000 00578nam a2200181Ia 4500
008 090124s9999 xx 000 0 und d
082 _b20541
100 _aआपटे हरि नारायण
245 _a स्फुट गोष्टी भाग 1
250 _a6
260 _c1970
300 _a146
600 _aआपटे हरि नारायण
630 _a स्फुट गोष्टी भाग 1
700 _aआपटे हरि नारायण
730 _a स्फुट गोष्टी भाग 1
942 _cBOOK
999 _c134346
_d134346